Prados y pastos (Record no. 120735)

MARC details
000 -LEADER
campo de control de longitud fija 00563nam a2200157 4500
001 - NÚMERO DE CONTROL
campo de control 120735
003 - IDENTIFICADOR DE NÚMERO DE CONTROL
campo de control ES-MaACL
005 - FECHA Y HORA DE LA ÚLTIMA TRANSACCIÓN
campo de control 20230906191619.0
007 - CAMPO FIJO DE DESCRIPCIÓN FÍSICA--INFORMACIÓN GENERAL
campo de control de longitud fija t|
008 - DATOS DE LONGITUD FIJA--INFORMACIÓN GENERAL
campo de control de longitud fija 070214s1905 sp r ||||1| spa d
245 00 - MENCIÓN DEL TÍTULO
Título Prados y pastos
Resto del título : resumen hecho por la Junta Consultiva Agronómica de las Memorias sobre dicho tema remitidas por los Ingenieros del Servicio Agronómico Nacional.
260 ## - PUBLICACIÓN, DISTRIBUCIÓN, ETC.
Lugar de publicación, distribución, etc. Madrid :
Nombre del editor, distribuidor, etc. Hijos de M. G. Hernández,
Fecha de publicación, distribución, etc. 1905.
300 ## - DESCRIPCIÓN FÍSICA
Extensión 356 p. ;
Dimensiones 25 x 17 cm.
710 2# - ENTRADA AGREGADA--NOMBRE DE ENTIDAD CORPORATIVA
Nombre de entidad corporativa o nombre de jurisdicción como elemento de entrada Junta Consultiva Agronómica.
9 (RLIN) 5381
852 ## - LOCALIZACIÓN
Ubicación ES-MaACL
Número de control de estantería F-6476
Holdings
Estatus retirado Estado de pérdida Estado de daño No para préstamo Biblioteca de origen Biblioteca actual Ubicación en estantería Fecha de adquisición Fuente de adquisición Total de préstamos Signatura topográfica completa Código de barras Visto por última vez Precio de reemplazo Tipo de ítem Koha
        Biblioteca del Ateneo de Madrid Biblioteca del Ateneo de Madrid Depósito 2 17/01/2008     F-6476 1125843 23/02/2023 23/02/2023 Libro impreso